000
00272nam a2200109Ia 4500
008
190919s9999||||xx |||||||||||||| ||und||
100
_a
Nandakumar Ankarath
245
0
_a
Understanding IFRS Fundamentals
260
_a
New York
_b
John
_c
1998
300
_a
466
942
_c
BK
999
_c
11583
_d
11583